Central Library OPAC University of Rajshahi

Bangladesh population census, 1991 = বাংলাদেশ আদমশুমারী, ১৯৯১ : (Record no. 60708)

MARC details
000 -LEADER
fixed length control field 01403nam a2200301 a 4500
001 - CONTROL NUMBER
control field 60708
003 - CONTROL NUMBER IDENTIFIER
rucl marc code BD-RjUL
005 - DATE AND TIME OF LATEST TRANSACTION
control field 20211209080856.0
008 - FIXED-LENGTH DATA ELEMENTS--GENERAL INFORMATION
fixed length control field 170102s1996 bg a s o000 0 eng d
020 ## - INTERNATIONAL STANDARD BOOK NUMBER
International Standard Book Number 9845082289
Terms of availability : Tk. 400.00
035 ## - SYSTEM CONTROL NUMBER
System control number (BD-RjUL) 60832
040 ## - CATALOGING SOURCE
Original cataloging agency DLC
Transcribing agency DLC
Modifying agency DLC
-- BD-RjUL
Language of cataloging eng
041 0# - LANGUAGE CODE
Language code of text/sound track or separate title engben
082 ## - DEWEY DECIMAL CLASSIFICATION NUMBER
Edition number 23
Classification number 304.6095492021
Author mark and year NAO 1996 (ZS)
110 ## - MAIN ENTRY--CORPORATE NAME
Corporate name or jurisdiction name as entry element Bangladesh Bureau Of Statistics.
9 (RLIN) 179266
245 10 - TITLE STATEMENT
Title Bangladesh population census, 1991 = বাংলাদেশ আদমশুমারী, ১৯৯১ :
Remainder of title Zila series, Zila: Naogaon= জেলা সিরিজ, জেলা: নওগাঁ /
Statement of responsibility, etc. Bangladesh Bureau Of Statistics.
246 ## - VARYING FORM OF TITLE
Title proper/short title বাংলাদেশ আদমশুমারী, ১৯৯১ :
Remainder of title জেলা সিরিজ, জেলা: নওগাঁ
260 ## - PUBLICATION, DISTRIBUTION, ETC. (IMPRINT)
Place of publication, distribution, etc. Dhaka :
Name of publisher, distributor, etc. Bangladesh Bureau of Statistics,
Date of publication, distribution, etc. 1996.
300 ## - PHYSICAL DESCRIPTION
Pagination xviii, 466 p. :
Illustrations ill. ;
Size 28 cm.
490 ## - SERIES STATEMENT
Series statement Zila series, Zila: Naogaon
Series statement জেলা সিরিজ, জেলা: নওগাঁ
500 ## - GENERAL NOTE
General note Prefatory matter in Bengali and English.
651 #0 - SUBJECT ADDED ENTRY--GEOGRAPHIC NAME
Geographic name Bangladesh
Geographic subdivision Naogaon
Form subdivision Census,1991
9 (RLIN) 179987
Geographic name Bangladesh
Geographic subdivision Naogaon
General subdivision Population
Form subdivision Statistics
9 (RLIN) 180871
Chronological subdivision 1991
830 ## - SERIES ADDED ENTRY--UNIFORM TITLE
Uniform title Zila series, Zila: Naogaon
Uniform title জেলা সিরিজ, জেলা: নওগাঁ
942 ## - ADDED ENTRY ELEMENTS (KOHA)
Source of classification or shelving scheme Dewey Decimal Classification
Koha item type Rare Books
Holdings
Lost status Source of classification or shelving scheme Damaged status Not for loan Collection code Permanent Location Current Location Shelving location Date acquired Source of acquisition Cost, normal purchase price Total Checkouts Full call number Date last seen Copy number Koha item type
  Dewey Decimal Classification   Not For Loan Rare Books Central Library, University of Rajshahi Central Library, University of Rajshahi Rare Book Section 01/11/2008 Dhaka, BBS 400.00   RA 304.6095492021 NAO 1996(ZS) 02/01/2017 C-1 Rare Books
  Dewey Decimal Classification   Not For Loan Rare Books Central Library, University of Rajshahi Central Library, University of Rajshahi Rare Book Section 01/11/2008 Dhaka, BBS 400.00   RA 304.6095492021 NAO 1996(ZS) 08/02/2017 C-2 Rare Books